MARC details
| 000 -CABECERA |
| campo de control de longitud fija |
01430nam a2200277 a 4500 |
| 003 - IDENTIFICADOR DEL NÚMERO DE CONTROL |
| campo de control |
DO-SdBNP |
| 005 - FECHA Y HORA DE LA ÚLTIMA TRANSACCIÓN |
| campo de control |
20220126100346.0 |
| 007 - CAMPO FIJO DE DESCRIPCIÓN FÍSICA--INFORMACIÓN GENERAL |
| campo de control de longitud fija |
ta |
| 008 - DATOS DE LONGITUD FIJA--INFORMACIÓN GENERAL |
| campo de control de longitud fija |
220125e2012 dr adb|gr|||| 001 0 spa d |
| 040 ## - FUENTE DE LA CATALOGACIÓN |
| Centro catalogador/agencia de origen |
DO-SdBNP |
| Lengua de catalogación |
spa |
| Centro/agencia transcriptor |
BNPHU |
| 082 #4 - NÚMERO DE LA CLASIFICACIÓN DECIMAL DEWEY |
| Número de edición |
22 |
| Número de documento/Ítem |
P699n |
| 245 10 - MENCIÓN DE TÍTULO |
| Título |
Plan Nacional de desarrollo de la industria minera e hidrocarburos : |
| Resto del título |
República Dominicana, 2012 - 2030 / |
| Mención de responsabilidad, etc. |
Marcó U. Pérez, Miguel A. Peña, Juan A. Gil |
| 260 ## - PUBLICACIÓN, DISTRIBUCIÓN, ETC. |
| Lugar de publicación, distribución, etc. |
Santo Domingo : |
| Nombre del editor, distribuidor, etc. |
CAMPE, |
| Fecha de publicación, distribución, etc. |
2012 |
| 300 ## - DESCRIPCIÓN FÍSICA |
| Extensión |
57 [4] p. : |
| Otras características físicas |
il., mapas; |
| Dimensiones |
28 cm |
| 505 0# - NOTA DE CONTENIDO CON FORMATO |
| Nota de contenido con formato |
Prefacio. |
| Título |
1. Introducción. |
| -- |
2. Estado actual del sector.-- |
| -- |
3. Planificación y Desarrollo de la Industria Minera-Hidrocarburo.-- |
| -- |
4. Potencial Minero-Hidrocarburos de la República Dominicana.-- |
| -- |
5. El sector minero y la Economía dominicana.-- |
| -- |
6. Plan Nacional de desarrollo de la Industria Minera.-- |
| -- |
7. Proyectos a corto y mediano plazo del Sector Minero.-- |
| -- |
8. Conclusión.-- |
| -- |
9. Referencias. |
| 650 #4 - PUNTO DE ACCESO ADICIONAL DE MATERIA--TÉRMINO DE MATERIA |
| 9 (RLIN) |
73170 |
| Término de materia o nombre geográfico como elemento de entrada |
Industria Minera |
| Subdivisión geográfica |
República Dominicana |
| 650 #4 - PUNTO DE ACCESO ADICIONAL DE MATERIA--TÉRMINO DE MATERIA |
| 9 (RLIN) |
73198 |
| Término de materia o nombre geográfico como elemento de entrada |
Hidrocarburos |
| Subdivisión geográfica |
República Dominicana |
| 650 #4 - PUNTO DE ACCESO ADICIONAL DE MATERIA--TÉRMINO DE MATERIA |
| 9 (RLIN) |
51526 |
| Término de materia o nombre geográfico como elemento de entrada |
Planificación Industrial |
| Subdivisión geográfica |
República Dominicana |
| 650 #0 - PUNTO DE ACCESO ADICIONAL DE MATERIA--TÉRMINO DE MATERIA |
| 9 (RLIN) |
53171 |
| Término de materia o nombre geográfico como elemento de entrada |
Planes de Desarrollo |
| Subdivisión geográfica |
República Dominicana |
| 700 1# - PUNTO DE ACCESO ADICIONAL--NOMBRE DE PERSONA |
| Nombre de persona |
Pérez, Marcó U. |
| 9 (RLIN) |
81009 |
| 700 1# - PUNTO DE ACCESO ADICIONAL--NOMBRE DE PERSONA |
| Nombre de persona |
Peña, Miguel A. |
| 9 (RLIN) |
81010 |
| 700 1# - PUNTO DE ACCESO ADICIONAL--NOMBRE DE PERSONA |
| Nombre de persona |
Gil, Juan A. |
| 9 (RLIN) |
81011 |
| 710 2# - PUNTO DE ACCESO ADICIONAL--NOMBRE DE ENTIDAD CORPORATIVA |
| Nombre de entidad corporativa o nombre de jurisdicción como elemento de entrada |
Cámara Minera Petrolera (República Dominicana) |
| 9 (RLIN) |
81015 |
| 910 ## - DATOS DE OPCIÓN DEL USUARIO (OCLC) |
| Datos de opción del usuario |
MFeliz |
| 942 ## - ELEMENTOS DE PUNTO DE ACCESO ADICIONAL (KOHA) |
| Fuente del sistema de clasificación o colocación |
Dewey Decimal Classification |
| Tipo de ítem Koha |
Libro |